LEADER 01037nam a2200229 i 4500 001 000000104244 003 CaOOAMICUS 005 20011108000000.0 008 011108s1929 it u000 u ita u 013 $a76431 040 $aSeMil$bita 245 10$aClemente 8. (1592-1605) /$cversione italiana di Pio Cenci. 300 $aLXVIII, 842 p. 500 $aIn appendice : Documenti inediti e comunicazioni d'archivio. 600 04$aClemente VIII .$0(OLS)http://semarc/subject/11120 700 1 $aPastor, Ludwig : von <1854-1928>.$0(OLS)http://semarc/name/610 700 1 $aCenci, Pio.$0(OLS)http://semarc/name/30478 773 0 $aPastor, Ludwig : von <1854-1928>$tStoria dei papi.$dRoma : Desclée & C.-Editori Pontifici, 1908-1963.$gVolume11$w()762 773 0 $tStoria dei papi nel periodo della riforma e restaurazione cattolica.$w()6798 850 $aSeMil 852 $aSeMil$W1$xVenegono$y1$mSL1.F IV 11$j60643$B60643$CSeMilBibl$Z2$F45052 $8I 996 $6245$aClemente 8. (1592-1605)$9(OLS)http://semarc/title/151180 LEADER 00943nam a2200241 i 4500 001 000000126958 003 CaOOAMICUS 005 20040531000000.0 008 040531s1977 it u000 u ita u 013 $a99666 040 $aSeMil$bita 100 1 $aPersonè, Luigi Maria.$0(OLS)http://semarc/name/52772 245 12$aI managers della pubblica opinione /$cLuigi M. Personè. 260 $aMilano :$bPan,$cstampa 1977. 300 $a247 p. ;$c19 cm. 490 0 $aIl timone : collana di divulgazione ;$v69.-70 650 4$aOpinione pubblica.$0(OLS)http://semarc/subject/16181 830 3$aIl timone ;$v69.-70.$0(OLS)http://semarc/title/15481 850 $aSeMil 852 $aSeMil$W1$xVenegono$y1$m921 1 69-70 *$j81296$B81296$CSeMilBibl$Z2$F83456 $81 961 $aRecupero: Deposito 996 $6245$aI managers della pubblica opinione$9(OLS)http://semarc/title/187296 996 $6260$aMilano :$bPan$9(OLS)http://semarc/publisher/31802